[Event "Landesklasse Ost 2011/2012"]
[Site "?"]
[Date "2011.04.01"]
[Round "8"]
[White "Horatschek, Martin"]
[Black "Bellmann, Daniel"]
[Result "0-1"]
[WhiteElo "1827"]
[BlackElo "1680"]
[PlyCount "134"]
[EventDate "2011.??.??"]
[WhiteTeam "SV Jenapharm Jena"]
[BlackTeam "MTV 1876 Saalfeld"]

1. d4 d5 2. Nf3 e6 3. Bf4 Nf6 4. e3 c5 5. c3 Bd6 6. Bd3 Bxf4 7. exf4 cxd4 8.
cxd4 O-O 9. O-O Nc6 10. Nc3 Qd6 11. g3 Qb4 12. Rb1 Bd7 13. a3 Qe7 14. Re1 a6
15. Bc2 Qd6 16. Qd3 g6 17. Ne5 b5 18. b4 Ne7 19. Rbc1 Nc8 20. Re3 Nb6 21. g4
Nc4 22. Rg3 Nxa3 23. Bd1 Nc4 24. h4 Qxb4 25. g5 Nxe5 26. fxe5 Ne4 27. Nxe4 Qe1+
28. Qf1 Qxe4 29. Rg4 Qf5 30. Qe2 h5 31. gxh6 Rfc8 32. Bc2 Qh5 33. Kh2 Qxh6 34.
Rcg1 Kf8 35. Bxg6 fxg6 36. Qf3+ Ke8 37. Qf6 Qf8 38. Qxg6+ Kd8 39. R1g2 Kc7 40.
Qb1 Kb6 41. f4 Rc3 42. Qb2 Rac8 43. Qf2 Qa3 44. R2g3 Qc1 45. Rg2 Be8 46. f5 Bh5
47. R4g3 Rxg3 48. Qxg3 Rc3 49. Qg5 Qxg5 50. Rxg5 Bf7 51. fxe6 Bxe6 52. Rg6 Rc6
53. Rf6 Bg4 54. Kg3 Rxf6 55. exf6 Bh5 56. Kf4 b4 57. Kg5 Bf7 58. h5 b3 59. h6
b2 60. h7 b1=Q 61. h8=Q Qg6+ 62. Kf4 Qe4+ 63. Kg5 Qe3+ 64. Kf5 Be6+ 65. Kg6
Qg3+ 66. Kh6 Qh4+ 67. Kg7 Qxh8+ 0-1

[Event "Landesklasse Ost 2011/2012"]
[Site "?"]
[Date "2011.04.01"]
[Round "8"]
[White "Gläßl, Matthias"]
[Black "Fischer, Dennis"]
[Result "1-0"]
[WhiteElo "2049"]
[BlackElo "1915"]
[PlyCount "49"]
[EventDate "2011.??.??"]
[WhiteTeam "ESV Gera"]
[BlackTeam "SV Medizin Erfurt"]

1. e4 d6 2. d4 Nf6 3. Nc3 g6 4. Be2 Bg7 5. g4 h5 6. g5 Nfd7 7. Be3 e6 8. f4 f5
9. gxf6 Bxf6 10. Nf3 Bh4+ 11. Kd2 a6 12. Qg1 Nf8 13. Nxh4 Qxh4 14. Rf1 Nc6 15.
f5 Qf6 16. fxg6 Qg7 17. Qg5 Nxg6 18. Rhg1 Nce7 19. Bxh5 Rxh5 20. Qxh5 Bd7 21.
Qh6 Qxh6 22. Bxh6 O-O-O 23. Bg5 Rh8 24. h4 Kb8 25. Rf7 1-0

[Event "Landesklasse Ost 2011/2012"]
[Site "?"]
[Date "2011.04.01"]
[Round "8"]
[White "Zeuner, Ulrich"]
[Black "Puschendorf, Steffen"]
[Result "0-1"]
[WhiteElo "1949"]
[BlackElo "2077"]
[PlyCount "54"]
[EventDate "2011.??.??"]
[WhiteTeam "SV Medizin Erfurt"]
[BlackTeam "ESV Gera"]

1. e4 e6 2. d3 d5 3. Nd2 Nf6 4. Ngf3 dxe4 5. dxe4 Bc5 6. Bd3 Nc6 7. O-O e5 8.
Nc4 Qe7 9. c3 a5 10. Ne3 Bxe3 11. Bxe3 h6 12. Nd2 O-O 13. f3 Rd8 14. Qe2 b6 15.
Rfd1 Nh5 16. g3 Rd6 17. Nc4 Rg6 18. Kf2 Nf4 19. Qc2 Nxd3+ 20. Qxd3 Ba6 21. b3
Rd8 22. Qc2 Qe6 23. Rxd8+ Nxd8 24. Nd2 Qh3 25. Kg1 Be2 26. Bf2 Ne6 27. Re1 Nf4
0-1

[Event "Landesklasse Ost 2011/2012"]
[Site "?"]
[Date "2011.04.01"]
[Round "8"]
[White "Schmidt, Frank"]
[Black "Sunderbrink, Heino"]
[Result "1/2-1/2"]
[WhiteElo "1937"]
[BlackElo "1926"]
[PlyCount "45"]
[EventDate "2011.??.??"]
[WhiteTeam "ESV Gera"]
[BlackTeam "SV Medizin Erfurt"]

1. d4 d5 2. Nf3 Nf6 3. c4 e6 4. Nc3 c6 5. e3 Be7 6. Qc2 Nbd7 7. cxd5 exd5 8.
Bd3 O-O 9. O-O Re8 10. a3 Bd6 11. b4 a6 12. Re1 Nf8 13. h3 h6 14. Bb2 N8h7 15.
Nh4 Ng5 16. Nf5 Bc7 17. f4 Nge4 18. Nh4 g5 19. fxg5 hxg5 20. Nf3 Nxc3 21. Bxc3
Ne4 22. Bxe4 Rxe4 23. g4 1/2-1/2

[Event "Landesklasse Ost 2011/2012"]
[Site "?"]
[Date "2011.04.01"]
[Round "8"]
[White "Rost, Detlef"]
[Black "Senf, Paul"]
[Result "1-0"]
[WhiteElo "1860"]
[BlackElo "1719"]
[PlyCount "29"]
[EventDate "2011.??.??"]
[WhiteTeam "SV Medizin Erfurt"]
[BlackTeam "ESV Gera"]

1. d4 f5 2. Bg5 g6 3. h4 Nf6 4. Bxf6 exf6 5. h5 Bg7 6. e3 Qe7 7. Bd3 Nc6 8. Ne2
Nb4 9. Nbc3 Nxd3+ 10. Qxd3 d6 11. O-O-O Be6 12. Nf4 Bf7 13. Ncd5 Qd7 14. h6 Bf8
15. Nxf6+ 1-0

[Event "Landesklasse Ost 2011/2012"]
[Site "?"]
[Date "2011.04.01"]
[Round "8"]
[White "Hilbig, Dieter"]
[Black "Fischer, Kay"]
[Result "1/2-1/2"]
[WhiteElo "1858"]
[BlackElo "1886"]
[PlyCount "42"]
[EventDate "2011.??.??"]
[WhiteTeam "ESV Gera"]
[BlackTeam "SV Medizin Erfurt"]

1. e4 e6 2. d4 d5 3. Nd2 Nf6 4. e5 Nfd7 5. Bd3 c5 6. c3 Nc6 7. Ne2 Qb6 8. Nf3
cxd4 9. cxd4 Bb4+ 10. Bd2 Bxd2+ 11. Qxd2 Qb4 12. O-O Qxd2 13. Nxd2 f6 14. f4
O-O 15. Rae1 fxe5 16. fxe5 Rxf1+ 17. Kxf1 Nf8 18. Nf3 Bd7 19. Nc3 a6 20. a4 Nb4
21. Be2 Rc8 1/2-1/2

[Event "Landesklasse Ost 2011/2012"]
[Site "?"]
[Date "2011.04.01"]
[Round "8"]
[White "Stockum, René"]
[Black "Steinmüller, Johannes"]
[Result "0-1"]
[WhiteElo "1763"]
[BlackElo "1767"]
[PlyCount "74"]
[EventDate "2011.??.??"]
[WhiteTeam "SV Medizin Erfurt"]
[BlackTeam "ESV Gera"]

1. d4 Nf6 2. c4 g6 3. Nc3 d5 4. cxd5 Nxd5 5. e4 Nxc3 6. bxc3 Bg7 7. Nf3 c5 8.
Bc4 cxd4 9. cxd4 O-O 10. Rb1 Nc6 11. Be3 Na5 12. Qd3 b6 13. O-O Nxc4 14. Qxc4
Bb7 15. d5 Qd7 16. Rfc1 Rac8 17. Qf1 Rxc1 18. Rxc1 Rc8 19. Rxc8+ Qxc8 20. Qc1
Qxc1+ 21. Bxc1 Kf8 22. Nd2 Ba6 23. Nb3 Bc4 24. Be3 Ke8 25. f3 Kd7 26. Kf2 e6
27. dxe6+ Kxe6 28. Ke1 Kd6 29. Kd2 Kc6 30. Kc2 Kb5 31. Bc1 a5 32. Bb2 Bxb3+ 33.
Kxb3 Bxb2 34. Kxb2 Kc4 35. Kc2 b5 36. g4 g5 37. h3 b4 0-1

[Event "Landesklasse Ost 2011/2012"]
[Site "?"]
[Date "2011.04.01"]
[Round "8"]
[White "Kupper, Matthias"]
[Black "Jakob, Matthias"]
[Result "1/2-1/2"]
[WhiteElo "1746"]
[BlackElo "1965"]
[PlyCount "106"]
[EventDate "2011.??.??"]
[WhiteTeam "ESV Gera"]
[BlackTeam "SV Medizin Erfurt"]

1. e4 Nc6 2. Nf3 g6 3. d4 Bg7 4. Nc3 d6 5. h3 Nf6 6. Bc4 O-O 7. O-O a6 8. a4 e5
9. dxe5 Nxe5 10. Nxe5 dxe5 11. Qxd8 Rxd8 12. Bg5 Rd4 13. Bd3 Be6 14. Be3 Rd7
15. Rad1 Nh5 16. b3 Nf4 17. Be2 Rad8 18. Rxd7 Rxd7 19. Bf3 c6 20. Rd1 Rxd1+ 21.
Bxd1 f5 22. f3 Bf8 23. Kh2 Nh5 24. g4 Nf6 25. g5 Nd7 26. f4 Bd6 27. exf5 Bxf5
28. Kg3 exf4+ 29. Bxf4 Bxf4+ 30. Kxf4 Bxh3 31. Ne4 b6 32. Be2 b5 33. axb5 axb5
34. Nd6 Be6 35. c4 bxc4 36. bxc4 Kg7 37. Bf3 c5 38. Bc6 Nb6 39. Nb7 Bxc4 40.
Nxc5 h6 41. gxh6+ Kxh6 42. Nd7 g5+ 43. Kg3 Nc8 44. Ne5 Bg8 45. Ng4+ Kg7 46. Ne3
Ne7 47. Be4 Be6 48. Ng4 Bxg4 49. Kxg4 Kf6 50. Kh5 Nf5 51. Kg4 Ne3+ 52. Kf3 Nc4
53. Kg4 Ne5+ 1/2-1/2

[Event "Landesklasse Ost 2011/2012"]
[Site "?"]
[Date "2011.04.01"]
[Round "8"]
[White "Schmidt, Uwe"]
[Black "Küffner, Rolf"]
[Result "0-1"]
[WhiteElo "1980"]
[BlackElo "1827"]
[PlyCount "60"]
[EventDate "2011.??.??"]
[WhiteTeam "SV Medizin Erfurt"]
[BlackTeam "ESV Gera"]

1. Nc3 e6 2. e4 c5 3. d3 Nc6 4. f4 d5 5. g3 Nf6 6. Bg2 Be7 7. Nf3 dxe4 8. Nxe4
Nxe4 9. dxe4 Qxd1+ 10. Kxd1 O-O 11. c3 b6 12. Be3 Bb7 13. Kc2 Rad8 14. Rhd1 Na5
15. Ne1 Nc4 16. Bf2 e5 17. Nd3 f5 18. Nxe5 Nxe5 19. fxe5 fxe4 20. Be3 Rd3 21.
Bg1 Rf5 22. e6 Re5 23. Bf1 Rxd1 24. Rxd1 Bd5 25. Bh3 Bxe6 26. Bd4 cxd4 27. cxd4
Bxh3 28. dxe5 e3 29. Kd3 e2 30. Rc1 Bf1 0-1

[Event "Landesklasse Ost 2011/2012"]
[Site "?"]
[Date "2011.04.01"]
[Round "8"]
[White "Sack, Matthias"]
[Black "Schlachetka, Werner"]
[Result "1-0"]
[WhiteElo "1972"]
[BlackElo "1901"]
[PlyCount "33"]
[EventDate "2011.??.??"]
[WhiteTeam "SV Hermsdorf"]
[BlackTeam "SV Schott Jena"]

1. e4 c6 2. d4 Na6 3. Nf3 g6 4. c3 Nc7 5. Bd3 Bg7 6. O-O d5 7. e5 h5 8. Qc2 Nh6
9. Nh4 O-O 10. Nd2 Be6 11. Ndf3 Qd7 12. Bxh6 Bxh6 13. Bxg6 fxg6 14. Qxg6+ Bg7
15. Ng5 Bf5 16. Qxh5 Bg4 17. Qh7# 1-0

[Event "Landesklasse Ost 2011/2012"]
[Site "?"]
[Date "2011.04.01"]
[Round "8"]
[White "Jordan, Gunter"]
[Black "Moje, Hans-Jürgen"]
[Result "1-0"]
[WhiteElo "1856"]
[BlackElo "1833"]
[PlyCount "55"]
[EventDate "2011.??.??"]
[WhiteTeam "SV Schott Jena"]
[BlackTeam "SV Hermsdorf"]

1. d4 d5 2. c4 e6 3. Nc3 Nf6 4. Bg5 Be7 5. Nf3 O-O 6. e3 b6 7. cxd5 exd5 8. Rc1
Bb4 9. a3 Bxc3+ 10. Rxc3 c6 11. Be2 Bb7 12. O-O Nbd7 13. Ne5 Qe8 14. Nxd7 Qxd7
15. Bxf6 gxf6 16. Bd3 Kg7 17. Qh5 Rh8 18. Bf5 Qd6 19. e4 Rag8 20. exd5 Qxd5 21.
Rg3+ Kf8 22. Qh6+ Ke7 23. Re1+ Kd8 24. Qxf6+ Kc7 25. Re7+ Kb8 26. Qxf7 c5 27.
Rxg8+ Rxg8 28. Rxb7+ 1-0

[Event "Landesklasse Ost 2011/2012"]
[Site "?"]
[Date "2011.04.01"]
[Round "8"]
[White "Hadlich, Gerald"]
[Black "Osterloh, Felix"]
[Result "0-1"]
[WhiteElo "1844"]
[BlackElo "1790"]
[PlyCount "116"]
[EventDate "2011.??.??"]
[WhiteTeam "SV Hermsdorf"]
[BlackTeam "SV Schott Jena"]

1. e4 e5 2. Nf3 Nc6 3. Bb5 a6 4. Bxc6 dxc6 5. O-O Bd6 6. d4 Bg4 7. dxe5 Bxf3 8.
Qxf3 Bxe5 9. Rd1 Qf6 10. c3 Qxf3 11. gxf3 Ne7 12. f4 Bd6 13. Be3 Ng6 14. e5 Be7
15. Nd2 O-O 16. Nf3 Rfd8 17. f5 Nh4 18. Nxh4 Bxh4 19. Kg2 Rd5 20. Rxd5 cxd5 21.
Rd1 Rd8 22. Kh3 Be7 23. Kg4 c6 24. h4 g6 25. f6 h5+ 26. Kg3 Bf8 27. Bg5 Re8 28.
f4 Bc5 29. Kf3 Bb6 30. b3 Kf8 31. c4 d4 32. Ke4 c5 33. f5 Bc7 34. Bf4 Bd8 35.
Kd5 gxf5 36. Kxc5 Bc7 37. Bh6+ Kg8 38. Rg1+ Kh7 39. Bf4 Bxe5 40. Bxe5 Rxe5+ 41.
Kxd4 Re4+ 42. Kd3 Rg4 43. Rh1 Kg6 44. b4 Kxf6 45. Rh3 b5 46. cxb5 Rxb4 47. bxa6
Ra4 48. Rh2 Rxa6 49. Rb2 Ke5 50. Rb5+ Kf4 51. Rb4+ Kg3 52. a4 f4 53. Ke2 f3+
54. Kf1 Rc6 55. Rb1 Rc2 56. Kg1 Rg2+ 57. Kh1 Rh2+ 58. Kg1 f2+ 0-1

[Event "Landesklasse Ost 2011/2012"]
[Site "?"]
[Date "2011.04.01"]
[Round "8"]
[White "Seifert, Michael"]
[Black "Pietzsch, Gerhard"]
[Result "1-0"]
[WhiteElo "1597"]
[BlackElo "1787"]
[PlyCount "59"]
[EventDate "2011.??.??"]
[WhiteTeam "SV Schott Jena"]
[BlackTeam "SV Hermsdorf"]

1. Nf3 Nf6 2. g3 g6 3. Bg2 Bg7 4. O-O O-O 5. d3 d5 6. Nbd2 Nc6 7. e4 dxe4 8.
Nxe4 Nxe4 9. dxe4 e5 10. c3 Bg4 11. h3 Be6 12. Qe2 h6 13. Rd1 Qc8 14. Kh2 a6
15. Be3 Rd8 16. Ne1 Rxd1 17. Rxd1 Bxa2 18. c4 Qe6 19. Bf1 Nd4 20. Bxd4 exd4 21.
Ra1 Bb3 22. Ra3 Qb6 23. Qd3 Bxc4 24. Qxc4 Qxb2 25. Rf3 Rf8 26. Qxc7 Qb1 27. Bc4
Qxe1 28. Rxf7 Kh8 29. Rxf8+ Bxf8 30. Qf7 1-0

[Event "Landesklasse Ost 2011/2012"]
[Site "?"]
[Date "2011.04.01"]
[Round "8"]
[White "Holtz, Peter"]
[Black "Markowski, Erhard"]
[Result "1-0"]
[WhiteElo "1773"]
[BlackElo "1675"]
[PlyCount "81"]
[EventDate "2011.??.??"]
[WhiteTeam "SV Schott Jena"]
[BlackTeam "SV Hermsdorf"]

1. e4 c5 2. Nf3 Nc6 3. Bb5 g6 4. O-O Bg7 5. c3 a6 6. Bxc6 dxc6 7. d4 c4 8. Nbd2
b5 9. b3 cxb3 10. Nxb3 Nf6 11. Qc2 O-O 12. a4 Be6 13. Nc5 Bc4 14. Re1 bxa4 15.
Nd2 Be6 16. Qxa4 Bd7 17. Nc4 Ng4 18. h3 Nf6 19. Ne5 Be8 20. Qc4 Qb6 21. Rxa6
Rxa6 22. Qxa6 Qb1 23. Nxc6 e6 24. Ne7+ Kh8 25. e5 Nd7 26. Qd3 Qb6 27. Ba3 Nxc5
28. Bxc5 Qc7 29. Qa6 Bd7 30. Qd6 Qb7 31. Qb6 Qa8 32. Rb1 Qa2 33. Qb2 Qa4 34.
Qb4 Qc2 35. Nxg6+ hxg6 36. Bxf8 Bc6 37. Bxg7+ Kxg7 38. Qb2 Qe4 39. f3 Qf5 40.
Re1 Qg5 41. Qf2 1-0

[Event "Landesklasse Ost 2011/2012"]
[Site "?"]
[Date "2011.04.01"]
[Round "8"]
[White "Pietsch, Karsten"]
[Black "Schulz, Uwe"]
[Result "1-0"]
[WhiteElo "1669"]
[BlackElo "1719"]
[PlyCount "53"]
[EventDate "2011.??.??"]
[WhiteTeam "SV Hermsdorf"]
[BlackTeam "SV Schott Jena"]

1. d4 Nf6 2. c4 g6 3. Nc3 Bg7 4. e4 d6 5. Be2 O-O 6. Bg5 h6 7. Be3 Nc6 8. Qd2
Kh7 9. h3 e5 10. d5 Ne7 11. g4 Neg8 12. g5 Ne8 13. Nf3 f5 14. exf5 Bxf5 15.
gxh6 Bf6 16. h4 Ne7 17. O-O-O c5 18. Ng5+ Bxg5 19. hxg5 a6 20. f4 e4 21. Qc2
Qa5 22. a3 Rb8 23. Rhg1 b5 24. cxb5 axb5 25. Nxe4 c4 26. Qc3 Qxc3+ 27. Nxc3 1-0

[Event "Landesklasse Ost 2011/2012"]
[Site "?"]
[Date "2011.04.01"]
[Round "8"]
[White "Flechsig, Bernd"]
[Black "Hirsch, Ronny"]
[Result "1/2-1/2"]
[WhiteElo "1692"]
[BlackElo "1578"]
[PlyCount "46"]
[EventDate "2011.??.??"]
[WhiteTeam "SV Schott Jena"]
[BlackTeam "SV Hermsdorf"]

1. e4 c5 2. Nf3 e6 3. d3 Nc6 4. c3 d5 5. Qe2 d4 6. g3 e5 7. Bg2 Nf6 8. O-O Be7
9. Ne1 O-O 10. h3 Ne8 11. g4 Be6 12. Nd2 Bg5 13. Bf3 Nd6 14. Ng2 b5 15. cxd4
Nxd4 16. Qd1 Qa5 17. Be2 Nxe2+ 18. Qxe2 c4 19. Nxc4 bxc4 20. Bxg5 f6 21. Bd2
Qb6 22. Rfb1 cxd3 23. Qxd3 Rfd8 1/2-1/2

[Event "Landesklasse Ost 2011/2012"]
[Site "?"]
[Date "2011.04.01"]
[Round "8"]
[White "Mysliwiec, Jörg"]
[Black "Skibbe, Diana"]
[Result "1/2-1/2"]
[WhiteElo "1998"]
[BlackElo "1968"]
[PlyCount "146"]
[EventDate "2011.??.??"]
[WhiteTeam "SSV Vimaria 91 Weimar"]
[BlackTeam "TSV Zeulenroda"]

1. b3 e6 2. Bb2 Nf6 3. c4 c5 4. g3 Be7 5. Bg2 O-O 6. Nf3 d5 7. O-O Nbd7 8. cxd5
exd5 9. d4 b6 10. Nc3 Bb7 11. Rc1 Re8 12. Nh4 Ne4 13. Nf5 Bf8 14. dxc5 Ndxc5
15. Nxe4 dxe4 16. Rc2 Qxd1 17. Rxd1 Red8 18. Rcd2 Rxd2 19. Rxd2 g6 20. Nd6 f5
21. Nxb7 Nxb7 22. g4 Rd8 23. Rxd8 Nxd8 24. gxf5 gxf5 25. Bh3 f4 26. Bg2 e3 27.
Bd5+ Nf7 28. fxe3 Bc5 29. Bd4 Bd6 30. exf4 Bxf4 31. a4 Kf8 32. a5 bxa5 33. Bxa7
Ne5 34. Bc5+ Ke8 35. Kg2 Kd7 36. e3 Bg5 37. Kg3 Nd3 38. Bb6 Kd6 39. Be4 Nc5 40.
Bc2 Bxe3 41. Bxa5 h6 42. Kf3 Bg5 43. Bc3 Nd7 44. Ke4 Nf6+ 45. Kd4 Nd5 46. Be1
Bf6+ 47. Ke4 Bg5 48. b4 Nb6 49. Bd3 Na4 50. Bb5 Nb6 51. Bg3+ Ke6 52. Bc7 Nc8
53. Bc6 Nd6+ 54. Kf3 Nc4 55. Ba4 Kd5 56. Be8 Ne5+ 57. Ke2 Nc4 58. Bf7+ Kc6 59.
Bg3 Nb6 60. Kd3 Nc8 61. Be8+ Kd5 62. Bf7+ Kc6 63. Be6 Nd6 64. Bg4 Nb5 65. Bf3+
Kb6 66. Bf2+ Kc7 67. Kc4 Nd6+ 68. Kd5 Nf5 69. Ke6 Ne3 70. Bg3+ Kb6 71. h4 Bxh4
72. Bxh4 Nc2 73. Bf2+ Kb5 1/2-1/2

[Event "Landesklasse Ost 2011/2012"]
[Site "?"]
[Date "2011.04.01"]
[Round "8"]
[White "Barth, Christian"]
[Black "Schawelka, Karl"]
[Result "0-1"]
[WhiteElo "1788"]
[BlackElo "1941"]
[PlyCount "102"]
[EventDate "2011.??.??"]
[WhiteTeam "TSV Zeulenroda"]
[BlackTeam "SSV Vimaria 91 Weimar"]

1. e4 e5 2. Nf3 Nc6 3. Bc4 Bc5 4. O-O Nf6 5. d3 d6 6. c3 Bb6 7. Bg5 h6 8. Bh4
g5 9. Bg3 Bg4 10. h3 Bh5 11. Nbd2 Qe7 12. b4 Nd8 13. d4 Nd7 14. Qa4 f6 15. Rfe1
Ne6 16. Bd5 c6 17. Bxe6 Qxe6 18. Qb3 Qxb3 19. Nxb3 Bxf3 20. gxf3 Ke7 21. a4 a6
22. Red1 Rhd8 23. c4 Ke6 24. c5 dxc5 25. bxc5 Ba7 26. Na5 Rab8 27. dxe5 Nxe5
28. Rxd8 Rxd8 29. Nxb7 Nxf3+ 30. Kg2 Rd3 31. Rb1 Ne5 32. f4 Rd2+ 33. Kf1 Nd3
34. f5+ Kd7 35. Na5 Nxc5 36. Nc4 Rd4 37. Nb6+ Bxb6 38. Rxb6 Nxe4 39. Rb7+ Kd8
40. Rb8+ Ke7 41. Bh2 Nd6 42. Rb6 Rxa4 43. Rxc6 Nxf5 44. Rc7+ Ke6 45. Rc6+ Kf7
46. Bc7 Ra2 47. Bd8 Ng3+ 48. Kg1 Ne4 49. Rc4 f5 50. h4 Kg6 51. Rd4 Rd2 0-1

[Event "Landesklasse Ost 2011/2012"]
[Site "?"]
[Date "2011.04.01"]
[Round "8"]
[White "Scheitz, Michael"]
[Black "Wolfram, Thomas"]
[Result "0-1"]
[WhiteElo "1890"]
[BlackElo "1807"]
[PlyCount "62"]
[EventDate "2011.??.??"]
[WhiteTeam "SSV Vimaria 91 Weimar"]
[BlackTeam "TSV Zeulenroda"]

1. d4 d5 2. Nf3 e6 3. c4 c6 4. Qc2 Bd6 5. g3 Nf6 6. Bg2 Ne4 7. O-O Nd7 8. b3
Qe7 9. Bb2 O-O 10. Ne5 f5 11. f3 Nxe5 12. fxe4 Ng4 13. e5 Bc7 14. Ba3 Qg5 15.
Bxf8 Qe3+ 16. Kh1 Kxf8 17. h3 Nf2+ 18. Kh2 Qxd4 19. Nd2 Qxe5 20. Rxf2 Qxa1 21.
cxd5 exd5 22. e4 Qe5 23. Qd3 dxe4 24. Bxe4 g6 25. Nc4 Qc5 26. Rf1 Be6 27. Qc3
Kf7 28. Qf3 Bxc4 29. bxc4 Re8 30. Kg2 Kg7 31. Qc3+ Be5 0-1

[Event "Landesklasse Ost 2011/2012"]
[Site "?"]
[Date "2011.04.01"]
[Round "8"]
[White "Werner, Daniel"]
[Black "Weiß, Thomas"]
[Result "1/2-1/2"]
[WhiteElo "1695"]
[BlackElo "1920"]
[PlyCount "102"]
[EventDate "2011.??.??"]
[WhiteTeam "TSV Zeulenroda"]
[BlackTeam "SSV Vimaria 91 Weimar"]

1. e4 e6 2. d4 d5 3. Nc3 Bb4 4. exd5 exd5 5. Bd3 Nc6 6. Nge2 Nge7 7. Bd2 Bf5 8.
Bf4 O-O 9. O-O Re8 10. Nb5 Ba5 11. c3 a6 12. Na3 Qd7 13. Nc2 Nd8 14. Ne3 Be4
15. Bxe4 dxe4 16. Nc4 Qb5 17. Nxa5 Qxa5 18. Ng3 Ne6 19. Bd2 Qd5 20. f3 exf3 21.
Qxf3 Qxf3 22. Rxf3 Rad8 23. Be3 Nd5 24. Raf1 f6 25. Nf5 b5 26. Bc1 c5 27. dxc5
Nxc5 28. Nd4 b4 29. Nc6 Rd6 30. cxb4 Rxc6 31. bxc5 Rxc5 32. R3f2 Nb4 33. Bf4
Nxa2 34. Bd6 Rc1 35. b4 Ree1 36. Rxe1 Rxe1+ 37. Rf1 Rxf1+ 38. Kxf1 Kf7 39. Ke2
Nc3+ 40. Kd3 Nb5 41. Bb8 Ke6 42. Kc4 Kd7 43. Kc5 Kc8 44. Bg3 Kb7 45. h4 Nc3 46.
Be1 Ne2 47. g3 h5 48. b5 axb5 49. Kxb5 Ng1 50. Kc5 Kc7 51. Kd5 Kd7 1/2-1/2

[Event "Landesklasse Ost 2011/2012"]
[Site "?"]
[Date "2011.04.01"]
[Round "8"]
[White "Vogel, Steffen"]
[Black "Riemer, Marion"]
[Result "1/2-1/2"]
[WhiteElo "1804"]
[BlackElo "1762"]
[PlyCount "58"]
[EventDate "2011.??.??"]
[WhiteTeam "SSV Vimaria 91 Weimar"]
[BlackTeam "TSV Zeulenroda"]

1. d4 e6 2. c4 f5 3. Nc3 Nf6 4. Bg5 Be7 5. f3 O-O 6. Qc2 d5 7. e3 c6 8. Bd3 h6
9. Bh4 g5 10. Bf2 Qe8 11. Nge2 Bd6 12. O-O-O Nbd7 13. Rhf1 a6 14. e4 fxe4 15.
fxe4 Ng4 16. Ng1 Nxh2 17. Rfe1 Ng4 18. Nf3 Nxf2 19. Qxf2 dxe4 20. Nxe4 Bf4+ 21.
Nfd2 Nf6 22. Nxf6+ Rxf6 23. Kb1 Qf8 24. Qe2 Bxd2 25. Rxd2 Bd7 26. Qe5 Be8 27.
Qc7 Qg7 28. Qd6 Qd7 29. Qe5 Qg7 1/2-1/2

[Event "Landesklasse Ost 2011/2012"]
[Site "?"]
[Date "2011.04.01"]
[Round "8"]
[White "Stieber, Mike"]
[Black "Mitter, Frank"]
[Result "0-1"]
[WhiteElo "1438"]
[BlackElo "1759"]
[PlyCount "112"]
[EventDate "2011.??.??"]
[WhiteTeam "TSV Zeulenroda"]
[BlackTeam "SSV Vimaria 91 Weimar"]

1. e4 c5 2. Nc3 Nc6 3. Nf3 Nf6 4. d4 cxd4 5. Nxd4 d6 6. Bc4 e5 7. Nf3 Be6 8.
Bb3 h6 9. h3 Be7 10. Be3 a6 11. Qd2 Qc7 12. O-O O-O 13. Bxe6 fxe6 14. Bxh6 gxh6
15. Qxh6 Nd4 16. Qg6+ Kh8 17. Ng5 Bd8 18. Rac1 Qg7 19. Qxg7+ Kxg7 20. Rfe1 Nh5
21. h4 Bxg5 22. hxg5 Rac8 23. Re3 Kg6 24. Ne2 Rxc2 25. Rxc2 Nxc2 26. Rb3 Rf7
27. Rd3 Rd7 28. a3 Kxg5 29. Rd2 Nd4 30. Nxd4 exd4 31. Rxd4 Nf4 32. Kf1 d5 33.
g3 Ng6 34. Ke2 Nf8 35. Ke3 dxe4 36. Rxe4 Rd5 37. f3 Rc5 38. g4 Rc2 39. Rb4 b5
40. a4 Rc5 41. axb5 Rxb5 42. Ra4 a5 43. Ra2 Ng6 44. Ra4 e5 45. Ra3 Nf4 46. Ke4
Ne6 47. Ra1 a4 48. Rh1 Nf4 49. Rh8 Rb4+ 50. Ke3 Rxb2 51. Rg8+ Ng6 52. Ra8 Ra2
53. Ra5 Ra1 54. f4+ Kxg4 55. fxe5 Nxe5 56. Rxe5 Re1+ 0-1

[Event "Landesklasse Ost 2011/2012"]
[Site "?"]
[Date "2011.04.01"]
[Round "8"]
[White "Latka, Robert"]
[Black "Wolf, Manfred"]
[Result "1/2-1/2"]
[WhiteElo "1525"]
[BlackElo "1560"]
[PlyCount "44"]
[EventDate "2011.??.??"]
[WhiteTeam "SSV Vimaria 91 Weimar"]
[BlackTeam "TSV Zeulenroda"]

1. e4 c5 2. Nf3 d6 3. d4 cxd4 4. Nxd4 Nf6 5. Nc3 g6 6. Be2 Bg7 7. Be3 O-O 8. g4
Nc6 9. g5 Nd7 10. Qd2 Nxd4 11. Bxd4 Bxd4 12. Qxd4 Qb6 13. O-O-O Qxd4 14. Rxd4
Nb6 15. f4 Be6 16. Rhd1 Rac8 17. Bf3 Rc5 18. h4 Rfc8 19. e5 dxe5 20. fxe5 Nc4
21. Rd8+ Rxd8 22. Rxd8+ Kg7 1/2-1/2

[Event "Landesklasse Ost 2011/2012"]
[Site "?"]
[Date "2011.04.01"]
[Round "8"]
[White "Martin, Elvira"]
[Black "Gebuhr, Günter"]
[Result "0-1"]
[WhiteElo "1213"]
[BlackElo "1750"]
[PlyCount "62"]
[EventDate "2011.??.??"]
[WhiteTeam "TSV Zeulenroda"]
[BlackTeam "SSV Vimaria 91 Weimar"]

1. e4 c5 2. Nc3 Nc6 3. Nf3 d6 4. h3 g6 5. Bc4 Bg7 6. Ng5 e6 7. Qf3 Qxg5 8. d3
Qf6 9. Qxf6 Nxf6 10. Nb5 Kd7 11. Be3 a6 12. Nc3 b5 13. Bb3 Bb7 14. O-O Na5 15.
a3 Nxb3 16. cxb3 Rac8 17. f3 d5 18. Bd2 Nh5 19. Nd1 Bd4+ 20. Kh2 f5 21. g4 Ng7
22. Bf4 h5 23. Kg3 Rcf8 24. Rb1 dxe4 25. fxe4 fxe4 26. Nc3 exd3 27. Bd2 hxg4
28. hxg4 e5 29. Rbd1 Ne6 30. Be3 Rxf1 31. Rxf1 Bxe3 0-1

[Event "Landesklasse Ost 2011/2012"]
[Site "?"]
[Date "2011.04.29"]
[Round "9"]
[White "Zeuner, Ulrich"]
[Black "Pähtz, Thomas"]
[Result "1/2-1/2"]
[WhiteElo "1949"]
[BlackElo "2380"]
[PlyCount "67"]
[EventDate "2011.??.??"]
[WhiteTeam "SV Medizin Erfurt"]
[BlackTeam "ESV Lok Sömmerda"]

1. e4 e6 2. d3 d5 3. Nd2 c5 4. Ngf3 Nc6 5. g3 g6 6. Bg2 Bg7 7. O-O Nge7 8. exd5
exd5 9. c4 O-O 10. cxd5 Nxd5 11. Nb3 b6 12. d4 Ba6 13. dxc5 Bxf1 14. Qxf1 Ndb4
15. a3 Qd3 16. axb4 Qxb3 17. b5 Na5 18. Nd2 Qb4 19. Bxa8 Rxa8 20. cxb6 axb6 21.
Nc4 Re8 22. Ne3 Nb3 23. Ra7 Qc5 24. Nc4 Nxc1 25. Qxc1 Bd4 26. b4 Qxb4 27. Kg2
Rc8 28. Rd7 Qxc4 29. Rd8+ Kg7 30. Rxc8 Qxb5 31. Qc4 Qxc4 32. Rxc4 Bc5 33. f4 f5
34. Kf3 1/2-1/2

[Event "Landesklasse Ost 2011/2012"]
[Site "?"]
[Date "2011.04.29"]
[Round "9"]
[White "Wanzek, Daniel"]
[Black "Sunderbrink, Heino"]
[Result "1-0"]
[WhiteElo "2093"]
[BlackElo "1926"]
[PlyCount "83"]
[EventDate "2011.??.??"]
[WhiteTeam "ESV Lok Sömmerda"]
[BlackTeam "SV Medizin Erfurt"]

1. e4 Nf6 2. Nc3 e6 3. d4 Bb4 4. e5 Nd5 5. Bd2 d6 6. Qg4 g6 7. a3 f5 8. Qg3
Bxc3 9. bxc3 dxe5 10. dxe5 O-O 11. Nf3 Nd7 12. Bd3 Nc5 13. O-O Nxd3 14. cxd3
Nb6 15. Rfd1 Bd7 16. Bg5 Qe8 17. Qh4 Bc6 18. Nd4 Ba4 19. Re1 c5 20. Ne2 c4 21.
d4 Nd5 22. Nf4 Nxf4 23. Qxf4 Bc6 24. Bf6 Qd7 25. Qh6 Rfc8 26. Re3 Qf7 27. Rg3
Rc7 28. a4 Qf8 29. Rxg6+ hxg6 30. Qh8+ Kf7 31. Qh7+ Ke8 32. Qxc7 Qf7 33. Qd6
Qd7 34. Qc5 Bd5 35. Re1 b6 36. Qb4 Kf7 37. Re3 Rg8 38. Rg3 Qb7 39. Qb2 a6 40.
Qd2 Qb8 41. Qh6 Qb7 42. h4 1-0

[Event "Landesklasse Ost 2011/2012"]
[Site "?"]
[Date "2011.04.29"]
[Round "9"]
[White "Rost, Detlef"]
[Black "Kühn, Martin"]
[Result "1/2-1/2"]
[WhiteElo "1860"]
[BlackElo "1943"]
[PlyCount "45"]
[EventDate "2011.??.??"]
[WhiteTeam "SV Medizin Erfurt"]
[BlackTeam "ESV Lok Sömmerda"]

1. d4 d5 2. c4 Nc6 3. Nf3 Bg4 4. Qa4 Bxf3 5. gxf3 e6 6. e3 Nf6 7. Nc3 Bb4 8.
Bd2 Bxc3 9. Bxc3 O-O 10. Bd3 Re8 11. O-O-O Qd7 12. Rhg1 Ne5 13. Qxd7 Nxd3+ 14.
Rxd3 Nxd7 15. cxd5 exd5 16. Rg5 c6 17. Rd1 g6 18. Rdg1 f6 19. R5g2 f5 20. h4
Nf6 21. Bb4 Re6 22. b3 Kf7 23. Bd2 1/2-1/2